CONCACAF Member Countries - Statistics

General Stats
  • This quiz has been taken 20 times
  • The average score is 28 of 41
Answer Stats
Answer % Correct
Belize
95%
Canada
95%
Costa Rica
95%
Cuba
95%
El Salvador
95%
Honduras
95%
Mexico
95%
Nicaragua
95%
Panama
95%
United States
95%
Barbados
90%
Dominica
90%
Guatemala
90%
Jamaica
90%
Trinidad and Tobago
90%
Antigua and Barbuda
85%
Bahamas
85%
Dominican Republic
85%
Haiti
80%
Saint Kitts and Nevis
80%
Saint Lucia
80%
Saint Vincent and the Grenadines
80%
Grenada
70%
Puerto Rico
70%
Aruba
50%
Bermuda
50%
Guadeloupe
50%
Anguilla
45%
British Virgin Islands
45%
Curacao
45%
French Guiana
45%
Guyana
45%
US Virgin Islands
45%
Montserrat
40%
Suriname
40%
Turks and Caicos
40%
Cayman Islands
35%
Martinique
35%
Saint Martin
30%
Bonaire
25%
Sint Maarten
20%
No matching quizzes found
Score Distribution
Percent of People with Each Score
Percentile by Number Answered
Your Score History
You have not taken this quiz